000 00285nam a22001217a 4500
005 20170531103219.0
008 170531b xxu||||| |||| 00| 0 eng d
245 _aIndian Concrete Journal
260 _bScientific
_c2017
300 _a72
490 _aVolume 91
_aIssue No 5
942 _cJRL
999 _c5465
_d5463